So zlomenou librou na Východ Príbeh špekulujúceho miliardára Georgea Sorosa

Bibliographic Details
Main Author: Bibel, Vlado (Author)
Format: Article
Language:Slovak
PhysicalDescription:Fotogr. 2, obr. 1
Subjects:

MARC

LEADER 00000nab a2200000 a 4500
001 vtls000497957
003 SK-MaSNL
005 20260303004938.0
008 160202c1993 xo 0 slo
015 |a SNBRB19rr/mm-uuuuu 
035 |a CL0498095 
040 |a SNKBUCL  |b slo  |c SNKBUCL  |e AACR2 
041 0 |a slo 
044 |a xo  |c SK 
080 |a 336-051(73)  |2 1981 
080 |a 929 Soros, George  |2 1981 
100 1 |a Bibel, Vlado  |4 aut  |9 968339 
245 1 0 |a So zlomenou librou na Východ  |b Príbeh špekulujúceho miliardára Georgea Sorosa  |c Vlado Bibel 
300 |b Fotogr. 2, obr. 1 
600 1 7 |a Soros, George,  |d 1930-  |2 snkbucl 
655 7 |a články z novín a časopisov  |2 snkbucl  |9 267496 
773 0 |t Slobodný piatok  |g Roč. 4, č. 33 (1993), s. 4 
850 |a Slovenská národná knižnica v Martine  |a MTA001 
852 |a SNK  |b KIS3GCP 
958 |a RK 
958 |a BC 
958 |a HU 
992 |a RBX 
999 |c 1580105  |d 1582035